000
00312nam a2200133Ia 4500
008
191201s2009 xx 000 0 und d
100
_a
PORWAL, LM
245
0
_a
Legal Regulatory Framework
250
_a
2nd
260
_a
N. Delhi
_b
Vrinda Publications
_c
2009
300
_a
827
650
_a
MBA
942
_2
ddc
_c
BK
999
_c
4776
_d
4776